| 000 | 00508nam a2200181Ia 4500 | ||
|---|---|---|---|
| 008 | 230718s9999 xx 000 0 und d | ||
| 020 | _a9789387511507 | ||
| 041 | _aeng | ||
| 082 |
_a005.13'3 _bBAR |
||
| 100 | _aBarnett R. | ||
| 245 | _aEmbedded C Programming And The Atmel AVR | ||
| 250 | _a 2nd ed. | ||
| 260 |
_c2007 _bCengage Learning |
||
| 300 | _a532 | ||
| 365 |
_cRs. _b525.00 |
||
| 700 |
_aBarnett R.; O'Cull L. & Cox S. _9190276 |
||
| 906 |
_dO:0716709-Mar-2020B:585009-Mar-2020 _cBINST _b1312.5 |
||
| 999 |
_c351607 _d351607 |
||